[Event "OGOLNOPOLSKA OLIMPIADA MLODZIEZY<br/>MISTRZOSTWA POLSKI JUNIOROW 2016 - D12"]
[Site "Olecko"]
[Date "2016-05-07"]
[Round "2.3"]
[White "Pisarek, Elzbieta"]
[Black "Marcinczyk, Monika"]
[Result "0-1"]
[WhiteTitle "I"]
[BlackTitle "I"]
[WhiteElo "1324"]
[BlackElo "1617"]

1. e4 e6 2. d4 d5 3. Nd2 Nf6 4. e5 Nfd7 5. c3 c5 6. Bd3 Nc6 7. Ne2 f6 8. exf6 Nxf6
9. Nf3 Bd6 10. O-O O-O 11. Re1 e5 12. dxe5 Nxe5 13. Nxe5 Bxe5 14. h3 Qc7 15. Be3
b6 16. Qd2 Bb7 17. Bf4 Nd7 18. Bxe5 Nxe5 19. Ng3 Rae8 20. Rad1 Bc6 21. Qc2 Nxd3
22. Qxd3 Qf7 23. Qd2 Qg6 24. a3 h5 25. Rxe8 Rxe8 26. Qf4 Rf8 27. Qe5 h4 28. Nf1
d4 29. Qh2 Qf6 30. Rd2 dxc3 31. bxc3 Qxc3 32. Qd6 Qf6 33. Qxf6 Rxf6 34. Ne3 b5
35. Rd8+ Kf7 36. Rd2 c4 37. Rc2 Be4 38. Rc3 Bd3 39. f3 a5 40. Rc1 Rc6 41. Kf2
Ke6 42. Ke1 c3 43. Kd1 b4 44. axb4 axb4 45. Nc2 Bxc2+ 46. Kxc2 Kd5 47. Kd3 Kc5
48. Kc2 Kc4 49. Rb1 Rd6 50. Rd1 b3+ 51. Kc1 b2+ 52. Kc2 Rxd1 53. Kxd1 b1=Q+ 0-1

[Event "OGOLNOPOLSKA OLIMPIADA MLODZIEZY<br/>MISTRZOSTWA POLSKI JUNIOROW 2016 - D12"]
[Site "Olecko"]
[Date "2016-05-07"]
[Round "2.4"]
[White "Goraj, Barbara"]
[Black "Lukasik, Zuzanna"]
[Result "1-0"]
[WhiteTitle "I"]
[BlackTitle "II+"]
[WhiteElo "1605"]
[BlackElo "1322"]

1. e4 e6 2. d4 d5 3. e5 c5 4. c3 Nc6 5. Nf3 Bd7 6. Be2 Nge7 7. O-O Ng6 8. Be3 Be7
9. Nbd2 Qc7 10. Rc1 Rc8 11. a3 c4 12. Qc2 O-O 13. g3 a6 14. Kg2 b5 15. h4 f5 16.
h5 Nh8 17. Rh1 Nf7 18. Qd1 Nfd8 19. Qg1 Nb7 20. Qh2 Qd8 21. Ng1 Qe8 22. Nh3 Qf7
23. Nf4 h6 24. Ng6 Rfd8 25. f3 Qe8 26. g4 a5 27. Qg3 b4 28. axb4 axb4 29. gxf5
Kh7 30. fxe6 Bxe6 31. Kf2 b3 32. Rcg1 Bf5 33. Bf1 Nba5 34. Bh3 Bxh3 35. Rxh3 Qf7
36. Qg4 Rg8 37. Nf1 Ra8 38. Ng3 Bf8 39. Ra1 Ne7 40. e6 Qf6 41. Ne5 g6 42. hxg6+
Nxg6 43. Nh5 Qe7 44. Qf5 Ra7 45. Nf6+ Kh8 46. Nxg8 Kxg8 47. Qxg6+ Qg7 48. Qxg7+
Bxg7 49. Bxh6 Bxe5 50. dxe5 Re7 51. Rxa5 Rxe6 52. Rxd5 Re8 53. Rd7 Rc8 54. Rg3+
1-0

[Event "OGOLNOPOLSKA OLIMPIADA MLODZIEZY<br/>MISTRZOSTWA POLSKI JUNIOROW 2016 - D12"]
[Site "Olecko"]
[Date "2016-05-07"]
[Round "2.5"]
[White "Dadello, Barbara"]
[Black "Krzyzosiak, Anna"]
[Result "1-0"]
[WhiteTitle "II+"]
[BlackTitle "I"]
[WhiteElo "1495"]
[BlackElo "1263"]

1. e4 d6 2. d4 Nf6 3. Nc3 e5 4. dxe5 dxe5 5. Qxd8+ Kxd8 6. Bc4 Be6 7. Bxe6 fxe6
8. Nf3 Nbd7 9. Ng5 Ke7 10. Be3 h6 11. Nf3 Kf7 12. O-O-O Bb4 13. Rd3 c6 14. Rhd1
Ke7 15. Nd2 Ng4 16. Nc4 Rhd8 17. a3 Nxe3 18. Rxe3 Bxc3 19. Rxc3 Nc5 20. f3 Rxd1+
21. Kxd1 Rd8+ 22. Ke2 Kf6 23. Nxe5 Nxe4 24. Ng4+ Kg5 25. Re3 Nc5 26. Re5+ Kg6
27. Rxc5 Rd5 28. Rxd5 exd5 29. Ke3 Kf5 30. Nf2 b6 31. g4+ Kg5 32. f4+ Kh4 33.
Kd4 h5 34. g5 g6 35. Ke5 1-0

[Event "OGOLNOPOLSKA OLIMPIADA MLODZIEZY<br/>MISTRZOSTWA POLSKI JUNIOROW 2016 - D12"]
[Site "Olecko"]
[Date "2016-05-07"]
[Round "2.6"]
[White "Nowak, Roksana"]
[Black "Zarebska, Lena"]
[Result "1-0"]
[WhiteTitle "II+"]
[BlackTitle "I"]
[WhiteElo "1290"]
[BlackElo "1452"]

1. b4 d5 2. Bb2 Nf6 3. e3 Bf5 4. Nf3 e6 5. a3 Be7 6. c4 O-O 7. Nc3 c6 8. Rc1 Nbd7
9. cxd5 cxd5 10. Be2 a6 11. O-O Rc8 12. Nh4 Bg6 13. Nxg6 fxg6 14. Bg4 Nxg4 15.
Qxg4 Rc6 16. Ne2 e5 17. Rxc6 bxc6 18. Qe6+ Kh8 19. Bxe5 Nxe5 20. Qxe5 Bd6 21.
Qc3 Qc7 22. g3 Qd7 23. Qd4 Qb7 24. Nf4 Bxf4 25. exf4 Re8 26. Qc5 Qc8 27. Rc1 Re6
28. Kg2 Kg8 29. Qxd5 cxd5 30. Rxc8+ Kf7 31. Rd8 Re1 32. Rxd5 Ra1 33. Ra5 Ra2 34.
Rxa6 Rxd2 35. b5 Rb2 36. b6 Rb3 37. Ra7+ Kf6 38. b7 Ke6 39. a4 Kd6 40. a5 Kc7
41. a6 h6 42. Ra8 Rb6 43. Rc8+ Kd6 44. b8=Q+ Rxb8 45. Rxb8 Kc7 46. a7 h5 47. a8=Q
h4 48. Qa7+ Kc6 49. Rb6+ Kc5 50. Qa5+ Kc4 51. Rb4+ Kc3 52. Qa3+ Kc2 53. Rb2+ Kc1
54. Qa1# 1-0

[Event "OGOLNOPOLSKA OLIMPIADA MLODZIEZY<br/>MISTRZOSTWA POLSKI JUNIOROW 2016 - D12"]
[Site "Olecko"]
[Date "2016-05-07"]
[Round "2.7"]
[White "Hertlein, Irena"]
[Black "Czerwinska, Oliwia"]
[Result "1-0"]
[WhiteTitle "I"]
[BlackTitle "II"]
[WhiteElo "1397"]
[BlackElo "1203"]

1. d4 d5 2. Nf3 c6 3. c4 Nf6 4. Qc2 Bg4 5. Ne5 Nbd7 6. Nxg4 Nxg4 7. h3 Ngf6 8.
Nd2 e6 9. a3 Bd6 10. g3 O-O 11. Bg2 Re8 12. O-O Nf8 13. e4 dxe4 14. Nxe4 Nxe4
15. Bxe4 f5 16. Bg2 Nd7 17. Qb3 Qb6 18. Qa4 Be7 19. d5 Nc5 20. Qc2 Nb3 21. Rb1
Nxc1 22. Rfxc1 cxd5 23. cxd5 Rab8 24. Rd1 Kh8 25. dxe6 Qxe6 26. Re1 Qf7 27. Qc7
Qf8 28. Bxb7 Bd6 29. Rxe8 Bxc7 30. Rxf8+ Rxf8 31. Rc1 Bb6 32. Bc8 g6 33. b4 Bd4
34. a4 Kg7 35. Bb7 Rf7 36. Bg2 Rd7 37. a5 Bb2 38. Rc6 Bd4 39. b5 Rb7 40. Rc4 Rd7
41. Rc1 Kh6 42. Rb1 Rd6 43. Bc6 Bc5 44. Rc1 Bd4 45. Rc4 Kg7 46. Rc1 Kh6 47. Bf3
Rd7 48. Rc8 Rd6 49. Rc7 g5 50. g4 Rf6 51. gxf5 Rf8 52. Be4 Rf6 53. Kg2 Rf8 54.
f6 Rh8 55. Rd7 Bc5 56. Rc7 Bd4 57. Rc6 Kh5 58. b6 axb6 59. axb6 Rb8 60. Rc7 h6
61. b7 Bb6 62. Rc8 Rxb7 63. Bxb7 Ba5 64. Kg3 Kg6 65. Rc6 Kf7 66. Ra6 Bc3 67. Bd5+
Ke8 68. f7+ Kf8 69. Ra8+ Kg7 70. f8=Q+ Kg6 71. Qf7# 1-0

[Event "OGOLNOPOLSKA OLIMPIADA MLODZIEZY<br/>MISTRZOSTWA POLSKI JUNIOROW 2016 - D12"]
[Site "Olecko"]
[Date "2016-05-07"]
[Round "2.8"]
[White "Anyz, Monika"]
[Black "Trzaskowska, Hanna"]
[Result "1-0"]
[WhiteTitle "I"]
[BlackTitle "I"]
[WhiteElo "1255"]
[BlackElo "1390"]

1. e4 e5 2. Nf3 Nc6 3. d4 exd4 4. Nxd4 Nf6 5. Nxc6 bxc6 6. e5 Qe7 7. Qe2 Nd5 8.
b3 g6 9. g3 d6 10. Bb2 Bg7 11. c4 Nb6 12. Bg2 Bb7 13. O-O O-O 14. Nd2 Rfe8 15.
Nf3 c5 16. Rfe1 Rab8 17. Rad1 Nd7 18. Qd2 Bxf3 19. Bxf3 Nxe5 20. Bc6 Qf8 21. Bxe5
Rxe5 22. Qa5 Rb6 23. Bg2 a6 24. Qd2 Qe7 25. Kh1 Qd7 26. Rxe5 Bxe5 27. Qd5 Qc8
28. Kg1 Qf8 29. Re1 Qe8 30. Kh1 Qd8 31. Rxe5 Qf6 32. Re1 Qxf2 33. Rf1 Qxf1+ 34.
Bxf1 Kf8 35. g4 Kg7 36. h4 h6 37. Bd3 Rb8 38. Qe4 Kf8 39. Qf4 Kg7 40. Kg2 Re8
41. Kf2 Re6 42. g5 h5 43. Be2 Re5 44. Ke1 Rf5 45. Qe4 Re5 46. Qb7 Re3 47. Qxc7
Rh3 48. Qxd6 Rxh4 49. Qxa6 Rh1+ 50. Kd2 h4 51. Qf6+ Kg8 52. a4 h3 53. Qf3 Rg1
54. Qxh3 Rxg5 55. a5 Re5 56. Qc8+ Kg7 57. a6 Re6 58. a7 Rb6 59. a8=Q Rxb3 60.
Qh8# 1-0

[Event "OGOLNOPOLSKA OLIMPIADA MLODZIEZY<br/>MISTRZOSTWA POLSKI JUNIOROW 2016 - D12"]
[Site "Olecko"]
[Date "2016-05-07"]
[Round "2.9"]
[White "Sloniewska, Alicja"]
[Black "Mysliwiec, Natalia"]
[Result "1/2-1/2"]
[WhiteTitle "II"]
[BlackTitle "I"]
[WhiteElo "1097"]
[BlackElo "1374"]

1. d4 d5 2. c4 c6 3. Qc2 Nf6 4. Bg5 dxc4 5. Qxc4 Bf5 6. Nc3 h6 7. Bxf6 exf6 8.
e3 Nd7 9. Qb3 Nb6 10. a4 Be6 11. Qc2 Nd5 12. Bd3 Nb4 13. Qd2 Nxd3+ 14. Qxd3 Bd5
15. Nxd5 Qxd5 16. e4 Qa5+ 17. Ke2 Qb6 18. b3 Rd8 19. Nf3 Bd6 20. Rhd1 O-O 21.
Kf1 Rd7 22. Qc4 Rfd8 23. Rd3 Re7 24. d5 Rc7 25. a5 Qb4 26. dxc6 Qxc4 27. bxc4
Rxc6 28. Rad1 Kf8 29. c5 Rxc5 30. Rxd6 Rxd6 31. Rxd6 Rxa5 32. Rd7 Rb5 33. Nd4
Rb1+ 34. Ke2 Ke8 35. Rd5 g6 36. Rb5 Rxb5 37. Nxb5 Kd7 38. Nxa7 Ke6 39. Kd3 Ke5
40. g3 f5 41. exf5 Kxf5 42. h3 g5 43. Nb5 Ke5 44. Na7 f5 45. f3 h5 46. Ke3 h4
47. g4 f4+ 48. Kd3 Kd5 49. Kc3 Kc5 50. Kd3 Kd5 51. Kc3 Kc5 52. Kd3 Kd5 1/2-1/2

[Event "OGOLNOPOLSKA OLIMPIADA MLODZIEZY<br/>MISTRZOSTWA POLSKI JUNIOROW 2016 - D12"]
[Site "Olecko"]
[Date "2016-05-07"]
[Round "2.10"]
[White "Szewc, Dobromila"]
[Black "Wawrzyniak, Weronika"]
[Result "1-0"]
[WhiteTitle "II"]
[BlackTitle "I"]
[WhiteElo "1066"]
[BlackElo "1358"]

1. e4 e6 2. d4 d5 3. Nc3 Bb4 4. Bd2 c5 5. Nf3 Nc6 6. a3 Bxc3 7. Bxc3 dxe4 8. Ne5
Nxe5 9. dxe5 Bd7 10. Qe2 Bc6 11. Rd1 Qc7 12. Qe3 b6 13. Qg5 g6 14. Be2 Qe7 15.
Qf4 h5 16. Rd6 Rc8 17. O-O Qc7 18. Rfd1 Ne7 19. Qf6 O-O 20. g4 hxg4 21. Bxg4 Nd5
22. R6xd5 Bxd5 23. Bd2 Kh7 24. Qh4+ Kg8 25. Bh6 f5 26. exf6 Rf7 27. Qg5 Kh7 28.
h4 Rg8 29. Rxd5 exd5 30. h5 e3 31. hxg6+ Rxg6 32. Bf5 exf2+ 33. Kf1 Rfxf6 34.
Qxf6 Qg3 35. Qg7# 1-0

[Event "OGOLNOPOLSKA OLIMPIADA MLODZIEZY<br/>MISTRZOSTWA POLSKI JUNIOROW 2016 - D12"]
[Site "Olecko"]
[Date "2016-05-07"]
[Round "2.11"]
[White "Mucha, Marta"]
[Black "Sokol, Maria"]
[Result "1-0"]
[WhiteTitle "I"]
[BlackTitle "II"]
[WhiteElo "1425"]
[BlackElo "1175"]

1. d4 d5 2. Nf3 Nf6 3. e3 e6 4. Bd3 c5 5. b3 Bd6 6. Bb2 Bd7 7. O-O O-O 8. Nbd2
Bc6 9. Ne5 Qc7 10. f4 Nbd7 11. Qe2 a6 12. c3 h6 13. Rac1 Rac8 14. Nxc6 Qxc6 15.
e4 dxe4 16. Nxe4 Nxe4 17. Bxe4 Qc7 18. Qf3 Rb8 19. c4 Nf6 20. Kh1 Nxe4 21. Qxe4
Rfd8 22. dxc5 Qxc5 23. f5 Re8 24. Qg4 Be5 25. Bxe5 Qxe5 26. f6 g6 27. Rce1 Qa5
28. Qf4 Kh7 29. Re3 h5 30. Re5 Qb4 31. Qg5 Qd6 32. Qg3 Qf8 33. Rf4 Qh6 34. h3
Rg8 35. Rh4 Rbd8 36. Qf3 Rh8 37. Qxb7 Rd1+ 38. Kh2 Rf8 39. Qf3 Qc1 40. Rexh5+
gxh5 41. Qxh5+ Qh6 42. Qxh6+ Kg8 43. Qg7# 1-0

[Event "OGOLNOPOLSKA OLIMPIADA MLODZIEZY<br/>MISTRZOSTWA POLSKI JUNIOROW 2016 - D12"]
[Site "Olecko"]
[Date "2016-05-07"]
[Round "2.12"]
[White "Slusarczyk, Milena"]
[Black "Bugaj, Hanna"]
[Result "1-0"]
[WhiteTitle "I"]
[BlackTitle "II"]
[WhiteElo "1372"]
[BlackElo "1417"]

1. e4 e6 2. d4 d5 3. Nc3 Bb4 4. Qd3 Nf6 5. e5 Nfd7 6. Qg3 Bf8 7. Be2 h6 8. f4 c5
9. Be3 cxd4 10. Bxd4 Nc6 11. Nf3 Qa5 12. O-O Rg8 13. Kh1 Bc5 14. Bxc5 Qxc5 15.
Bd3 g6 16. Nb5 Qb6 17. Nd6+ Kf8 18. Qh4 Rh8 19. Ng5 Nd8 20. b3 Kg7 21. Nf3 Nc6
22. c4 Qd8 23. Qg3 Nc5 24. Bc2 Nb4 25. Nd4 Nxc2 26. Nxc2 Ne4 27. Nxe4 dxe4 28.
Rfe1 Qd3 29. Nb4 Qxg3 30. hxg3 g5 31. Rxe4 a5 32. Nc2 b6 33. Rd1 Bb7 34. Red4
Kg6 35. Rd6 Be4 36. Ne3 Rab8 37. Kg1 h5 38. fxg5 Kxg5 39. Rd7 Kg6 40. R1d4 Bb1
41. a3 Ba2 42. b4 axb4 43. axb4 Bb1 44. Rc7 Ra8 45. c5 bxc5 46. bxc5 Rhc8 47.
Rxc8 Rxc8 48. Rc4 f6 49. exf6 Kxf6 50. g4 Bd3 51. Rc3 Be2 52. gxh5 Bxh5 53. g4
Bg6 54. Kf2 Ke5 55. Rc1 Kf4 56. c6 e5 57. c7 Ke4 58. Nc4 Rxc7 59. Nd2+ Kd3 60.
Rxc7 Kxd2 61. Rd7+ Kc3 62. Ke3 e4 63. g5 Kc4 64. Rd6 Bh7 65. g6 Bg8 66. g7 Bh7
67. Rd8 Kc5 68. g8=Q Bxg8 69. Rxg8 Kd5 70. Re8 Kc5 71. Kxe4 Kb5 72. Rc8 Kb6 73.
Kd5 Kb7 74. Rc1 Kb8 75. Kd6 Kb7 76. Rc2 Kb8 77. Kd7 Ka7 78. Rb2 Ka6 79. Kc7 Ka5
80. Kc6 Ka4 81. Kc5 Ka3 82. Rb7 Ka4 83. Rb8 Ka3 84. Kc4 Ka2 85. Kc3 Ka1 86. Kc2
Ka2 87. Ra8# 1-0

[Event "OGOLNOPOLSKA OLIMPIADA MLODZIEZY<br/>MISTRZOSTWA POLSKI JUNIOROW 2016 - D12"]
[Site "Olecko"]
[Date "2016-05-07"]
[Round "2.13"]
[White "Mirowska, Oliwia"]
[Black "Gebal, Katarzyna"]
[Result "1-0"]
[WhiteTitle "I+"]
[BlackTitle "II"]
[WhiteElo "1244"]
[BlackElo "1252"]

1. e4 e5 2. Nf3 Nc6 3. Bb5 d6 4. d4 exd4 5. Qxd4 Bd7 6. Bxc6 Bxc6 7. Nc3 Nf6 8.
Bg5 Be7 9. O-O-O O-O 10. h4 a5 11. Rdg1 Bd7 12. Nd5 Nxd5 13. Qxd5 c6 14. Qd3 Bg4
15. Bxe7 Qxe7 16. Ng5 h6 17. Nf3 f5 18. Re1 Qc7 19. Qc4+ Kh8 20. Nh2 Bh5 21. exf5
d5 22. Qd4 Rxf5 23. Kb1 Bg6 24. g3 Raf8 25. Rhf1 c5 26. Qd2 Qb6 27. f4 d4 28.
Nf3 Rd5 29. Ne5 Bf5 30. g4 Bh7 31. g5 hxg5 32. hxg5 Bf5 33. Rh1+ Kg8 34. Qh2 Rxe5
35. Rxe5 Qg6 36. Rxc5 d3 37. cxd3 Bxd3+ 38. Ka1 Bf5 39. Qh8+ Kf7 40. Rc7+ Ke8
41. Qh2 b5 42. Qe2+ Kd8 43. Qe7# 1-0

[Event "OGOLNOPOLSKA OLIMPIADA MLODZIEZY<br/>MISTRZOSTWA POLSKI JUNIOROW 2016 - D12"]
[Site "Olecko"]
[Date "2016-05-07"]
[Round "2.14"]
[White "Adamczyk, Zuzanna"]
[Black "Szewczyk, Malwina"]
[Result "1-0"]
[WhiteTitle "I"]
[BlackTitle "II"]
[WhiteElo "1642"]
[BlackElo "1253"]

1. e4 c5 2. Nf3 Nc6 3. d4 cxd4 4. Nxd4 g6 5. c4 Bg7 6. Nc2 Nf6 7. Nc3 Qa5 8. Bd3
d6 9. O-O Qe5 10. f3 Qd4+ 11. Nxd4 Nxd4 12. Be3 Nd7 13. Nd5 Kd8 14. Kh1 Nc6 15.
Qd2 Nde5 16. Rab1 e6 17. Bg5+ Kd7 18. Bf6 Nxd3 19. Bxg7 Rd8 20. Nf6+ Ke7 21. Qxd3
Ne5 22. Qc3 b6 23. f4 Nc6 24. Nxh7 Kd7 25. e5 Kc7 26. exd6+ Rxd6 27. Be5 Nxe5
28. fxe5 Rd7 29. Ng5 Bb7 30. Rxf7 Rxf7 31. Nxf7 Rf8 32. Rf1 Kb8 33. Qd3 1-0

[Event "OGOLNOPOLSKA OLIMPIADA MLODZIEZY<br/>MISTRZOSTWA POLSKI JUNIOROW 2016 - D12"]
[Site "Olecko"]
[Date "2016-05-07"]
[Round "2.15"]
[White "Majczyna, Patrycja"]
[Black "Czarnecka, Lidia"]
[Result "0-1"]
[WhiteTitle "II+"]
[BlackTitle "I"]
[WhiteElo "1205"]
[BlackElo "1512"]

1. e4 c5 2. Nf3 a6 3. d4 cxd4 4. Nxd4 Nf6 5. Nc3 e5 6. Nf3 Nc6 7. Bc4 Be7 8. Bg5
O-O 9. O-O h6 10. Bxf6 Bxf6 11. Nd5 g6 12. c3 Bg7 13. Qd2 Ne7 14. Rad1 Nxd5 15.
Bxd5 Qc7 16. Rfe1 Rb8 17. Qd3 Qb6 18. b4 Qd8 19. Bb3 b5 20. a4 Rb6 21. a5 Rc6
22. Bd5 Rc7 23. Rc1 Qe7 24. Red1 Rd8 25. c4 Qxb4 26. Qe3 Qxa5 27. Ra1 Qb4 28.
Qb6 Qc5 29. Qa5 bxc4 30. Qc3 d6 31. Nh4 Kh7 32. Nf3 Qa7 33. Nd2 Be6 34. Bxe6 fxe6
35. Qh3 Re8 36. Nf3 Qb6 37. Ng5+ Kg8 38. Nxe6 Rf7 39. Rf1 Qc6 40. Rfe1 Bh8 41.
Qg4 Rf6 42. Nc7 Qxc7 43. Rxa6 Qc8 44. Qxc8 Rxc8 45. Rd1 c3 46. Rc1 Bg7 47. Rc2
Bf8 48. Ra3 Rf7 49. Raxc3 Rxc3 50. Rxc3 Ra7 51. g3 Kf7 52. Kg2 Ke6 53. Kf3 Be7
54. h4 Ra2 55. Rc8 Kf7 56. Rc7 Kf6 57. Rc6 h5 58. Ke3 Ke6 59. Rc4 Bd8 60. f4 Ra3+
61. Kf2 exf4 62. gxf4 Bxh4+ 63. Kg2 Bf6 64. Rb4 h4 65. Kh2 Rf3 66. e5 dxe5 67.
fxe5 Kxe5 68. Rb5+ Kf4 69. Rb4+ Kf5 70. Rb5+ Be5+ 71. Rxe5+ Kxe5 72. Kg2 Ra3 73.
Kh2 Kf4 74. Kg2 Kg4 75. Kh2 Ra2+ 76. Kh1 Kg3 77. Kg1 Ra1# 0-1

[Event "OGOLNOPOLSKA OLIMPIADA MLODZIEZY<br/>MISTRZOSTWA POLSKI JUNIOROW 2016 - D12"]
[Site "Olecko"]
[Date "2016-05-07"]
[Round "2.16"]
[White "Szczypawka, Aleksandra"]
[Black "Jacek, Nikola"]
[Result "1-0"]
[WhiteTitle "I"]
[BlackTitle "I"]
[WhiteElo "1378"]
[BlackElo "1233"]

1. e4 e5 2. Nf3 Nc6 3. Bc4 Nf6 4. Ng5 d5 5. exd5 Na5 6. Bb5+ c6 7. dxc6 bxc6 8.
Qf3 Bb7 9. Bd3 h6 10. Ne4 Be7 11. Nxf6+ Bxf6 12. Qe3 Qd6 13. O-O O-O 14. Nc3 c5
15. Ne4 Bxe4 16. Qxe4 Rfe8 17. b3 Bg5 18. Rd1 Nc6 19. Qh7+ Kf8 20. Qh8+ Ke7 21.
Qxg7 Rh8 22. Bc4 Raf8 23. Bxf7 Bf6 24. Qg3 Rxf7 25. Ba3 Kf8 26. Qc3 Kg8 27. Qxc5
Qxc5 28. Bxc5 Nd4 29. c3 Ne2+ 30. Kf1 Nf4 31. a4 Nd3 32. Be3 e4 33. Ke2 Bg5 34.
Bd4 Nf4+ 35. Kf1 Rhh7 36. h4 Bf6 37. Be3 Nd3 38. g3 Be5 39. Ke2 Bb8 40. Rf1 Rd7
41. b4 h5 42. b5 Nb2 43. Rfb1 Nc4 44. Rb4 Nb6 45. Rxe4 Bc7 46. a5 Nd5 47. Bxa7
Bxg3 48. fxg3 Rxa7 49. Rd4 Rhe7+ 50. Kd3 Nf6 51. b6 Ra8 52. a6 Rae8 53. a7 Ra8
54. Rb1 Rb7 55. c4 Nd7 56. Rd6 Rf8 57. Kc2 Rc8 58. d3 Kf7 59. Rxd7+ Rxd7 60. b7
Rcc7 61. b8=Q Rxa7 62. Rf1+ Ke6 63. Qb6+ Ke5 64. Re1+ Kf5 65. Qe6# 1-0

[Event "OGOLNOPOLSKA OLIMPIADA MLODZIEZY<br/>MISTRZOSTWA POLSKI JUNIOROW 2016 - D12"]
[Site "Olecko"]
[Date "2016-05-07"]
[Round "2.17"]
[White "Chrobot, Patrycja"]
[Black "Tomaszek, Katarzyna"]
[Result "1-0"]
[WhiteTitle "I"]
[BlackTitle "II"]
[WhiteElo "1345"]
[BlackElo "1134"]

1. e4 d6 2. d4 Nf6 3. Nc3 c6 4. Nf3 Bg4 5. Bd3 e6 6. Bg5 Be7 7. O-O O-O 8. Qe2
h6 9. Bh4 Nh5 10. Bxe7 Qxe7 11. Qe3 e5 12. Ne2 Nd7 13. c4 Qf6 14. Nd2 Bxe2 15.
dxe5 dxe5 16. Bxe2 Nf4 17. Bg4 Rad8 18. g3 Ng6 19. Bf5 a6 20. Nf3 Ne7 21. Bh3
Nc8 22. Nh4 Nd6 23. b3 Rfe8 24. Nf5 Nf8 25. Rad1 Ng6 26. Rd3 Ne7 27. Nxe7+ Qxe7
28. Rfd1 Nc8 29. Bxc8 Rxd3 30. Qxd3 Rxc8 31. Qd7 Rc7 32. Qd8+ Qxd8 33. Rxd8+ Kh7
34. Rd6 f6 35. Kg2 Kg6 36. h4 Kf7 37. Kf3 Ke7 38. Rd2 b5 39. c5 a5 40. a3 g6 41.
Rd6 Kf7 42. Ke3 h5 43. Kd3 Ke7 44. Kc3 Kf7 45. b4 a4 46. Kd3 Kg7 47. Ke3 Kh6 48.
Rxf6 Rc8 49. Re6 Kg7 50. Rxe5 Rf8 51. Re6 Rf6 52. Rxf6 Kxf6 53. f4 Ke6 54. e5
Kd5 55. Kf3 Ke6 56. Ke4 Kf7 57. f5 gxf5+ 58. Kxf5 Ke7 59. e6 Kf8 60. Kf6 Ke8 61.
e7 Kd7 62. Kf7 Kc7 63. e8=Q Kb7 64. Qd7+ Ka6 65. Qxc6+ Ka7 66. Qxb5 Ka8 67. c6
Ka7 68. Qb7# 1-0

[Event "OGOLNOPOLSKA OLIMPIADA MLODZIEZY<br/>MISTRZOSTWA POLSKI JUNIOROW 2016 - D12"]
[Site "Olecko"]
[Date "2016-05-07"]
[Round "2.18"]
[White "Pawlak, Emilia"]
[Black "Krzyzosiak, Marta"]
[Result "1-0"]
[WhiteTitle "II"]
[BlackTitle "II"]
[WhiteElo "1196"]
[BlackElo "1345"]

1. e4 d6 2. Nf3 Nf6 3. Nc3 g6 4. d4 Bg7 5. Be3 O-O 6. Qd2 Nbd7 7. O-O-O Re8 8.
Rg1 e5 9. Bd3 b6 10. h3 Bb7 11. d5 Nc5 12. g4 Nfd7 13. h4 Nxd3+ 14. Qxd3 Nc5 15.
Qd2 a5 16. h5 a4 17. hxg6 fxg6 18. Rh1 Rf8 19. Ng5 h6 20. Bxc5 Qxg5 21. Be3 Qxg4
22. Bxh6 Bxh6 23. Rxh6 Qf4 24. Rxg6+ Kh7 25. Rg2 Qxd2+ 26. Kxd2 Rf6 27. Rdg1 Rc8
28. Rg7+ Kh8 29. R7g2 Kh7 30. Nxa4 Ba6 31. Nc3 Rh6 32. Ke3 Rh3+ 33. Rg3 Rxg3+
34. Rxg3 Rf8 35. Ne2 Bxe2 36. Kxe2 Ra8 37. a3 Ra4 38. Kd3 Rd4+ 39. Ke3 Rd1 40.
Ke2 Rb1 41. b4 Rc1 42. Kd2 Rf1 43. Rg2 Ra1 44. Rg3 Rf1 45. Rf3 Kg7 46. Ke2 Rc1
47. Rc3 Kf6 48. Rxc7 Ra1 49. Rc3 Ke7 50. Kf3 b5 51. Kg4 Re1 52. Kf5 Re2 53. Rc7+
Kd8 54. Rb7 Rxf2+ 55. Ke6 Rxc2 56. Kxd6 Kc8 57. Rxb5 Ra2 58. Ra5 Re2 59. Kxe5
Re3 60. d6 Rd3 61. Ke6 Rd4 62. e5 Rd3 63. Ra7 Rd4 64. Ke7 Kb8 65. Ra5 Kc8 66.
e6 Kb8 67. d7 Kc7 68. Ra7+ Kb8 69. d8=Q+ Rxd8 70. Kxd8 Kxa7 71. e7 Kb6 72. e8=Q
Kb7 73. Kd7 Kb6 74. Qb8+ Ka6 75. b5+ Ka5 76. b6 Ka6 77. Kc6 Ka5 78. Qa7# 1-0

[Event "OGOLNOPOLSKA OLIMPIADA MLODZIEZY<br/>MISTRZOSTWA POLSKI JUNIOROW 2016 - D12"]
[Site "Olecko"]
[Date "2016-05-07"]
[Round "2.19"]
[White "Chojnowska, Karolina"]
[Black "Wojtas, Julia"]
[Result "1-0"]
[WhiteTitle "II"]
[BlackTitle "I"]
[WhiteElo "1146"]
[BlackElo "1274"]

1. e4 e6 2. d4 d5 3. e5 c5 4. c3 Qd7 5. Be3 b6 6. Nf3 h5 7. Be2 Ba6 8. O-O Bxe2
9. Qxe2 Nc6 10. Nbd2 Nh6 11. Rfd1 Nf5 12. Nf1 Be7 13. a3 O-O 14. Bc1 g6 15. Ne3
Nxe3 16. Qxe3 Rfc8 17. Qe2 Na5 18. Bg5 Nb3 19. Rab1 Bf8 20. Qe3 Kh7 21. Bf6 Qb5
22. Ng5+ Kg8 23. Qf3 cxd4 24. Be7 Bg7 25. Qxf7+ Kh8 26. Bf6 Rg8 27. Qxg6 1-0

[Event "OGOLNOPOLSKA OLIMPIADA MLODZIEZY<br/>MISTRZOSTWA POLSKI JUNIOROW 2016 - D12"]
[Site "Olecko"]
[Date "2016-05-07"]
[Round "2.20"]
[White "Libura, Julianna"]
[Black "Matusik, Zuzanna"]
[Result "1-0"]
[WhiteTitle "I"]
[BlackTitle "II"]
[WhiteElo "1266"]
[BlackElo "1060"]

1. e4 e5 2. Nf3 Nc6 3. d4 exd4 4. Nxd4 Bc5 5. Be3 Bb6 6. Nf5 Qf6 7. Nc3 Nge7 8.
Bxb6 axb6 9. Ne3 d6 10. Bc4 Be6 11. Ned5 Nxd5 12. exd5 Qe5+ 13. Qe2 Qxe2+ 14.
Kxe2 Nd4+ 15. Kd3 Bf5+ 16. Kxd4 O-O 17. Ke3 Rfe8+ 18. Kd2 Re7 19. Rhe1 Rae8 20.
Rxe7 Rxe7 21. Re1 Rxe1 22. Kxe1 Bxc2 23. Nb5 c6 24. Nxd6 b5 25. Bb3 Bxb3 26. axb3
cxd5 27. Nxb7 Kf8 28. Kd2 Ke7 29. Ke3 Ke6 30. Kd4 h6 31. Nc5+ Kd6 32. Nd3 f6 33.
Nf4 g5 34. Nxd5 Ke6 35. Nc7+ Kf5 36. Nxb5 h5 37. Nc3 h4 38. Ke3 Ke5 39. g3 Kf5
40. gxh4 gxh4 41. h3 Kg5 42. b4 f5 43. b5 f4+ 44. Ke4 Kf6 45. b6 Ke7 46. b7 Kd6
47. b8=Q+ Kc5 48. Ke5 f3 49. Qb5# 1-0

[Event "OGOLNOPOLSKA OLIMPIADA MLODZIEZY<br/>MISTRZOSTWA POLSKI JUNIOROW 2016 - D12"]
[Site "Olecko"]
[Date "2016-05-07"]
[Round "2.22"]
[White "Lewandowska, Weronika"]
[Black "Jedrzejko, Martyna"]
[Result "0-1"]
[WhiteTitle "I"]
[BlackTitle "II+"]
[WhiteElo "1110"]
[BlackElo "1257"]

1. d4 d5 2. c4 c6 3. Nc3 dxc4 4. e4 b5 5. a4 b4 6. Na2 e6 7. Bxc4 Nf6 8. e5 Nd5
9. Nf3 Be7 10. O-O O-O 11. Qc2 Bb7 12. Bd2 a5 13. Nc1 Nd7 14. Ne2 Rc8 15. Bxd5
cxd5 16. Qd3 Nb6 17. b3 Nd7 18. Rac1 Qb6 19. Be3 Ba6 20. Qd2 Bxe2 21. Qxe2 Rc3
22. Rxc3 bxc3 23. Qc2 Rc8 24. Rb1 Nb8 25. Qd3 Ba3 26. Qc2 Na6 27. Bc1 Bxc1 28.
Qxc1 Nb4 29. Kf1 Qa6+ 30. Kg1 c2 31. Ra1 Nd3 32. Qf1 c1=Q 33. Rxc1 Rxc1 34. Qxc1
Nxc1 35. h3 Nxb3 36. Kh2 Qc4 37. Kg3 Nxd4 38. Nxd4 Qxd4 39. f3 Qxe5+ 40. Kg4 h5+
41. Kh4 Qf4+ 42. g4 g5+ 43. Kxh5 Qf6 44. h4 Qg6# 0-1

[Event "OGOLNOPOLSKA OLIMPIADA MLODZIEZY<br/>MISTRZOSTWA POLSKI JUNIOROW 2016 - D12"]
[Site "Olecko"]
[Date "2016-05-07"]
[Round "3.1"]
[White "Dadello, Barbara"]
[Black "Dylag, Emilia"]
[Result "0-1"]
[WhiteTitle "II+"]
[BlackTitle "I"]
[WhiteElo "1495"]
[BlackElo "1768"]

1. e4 d5 2. exd5 Qxd5 3. Nc3 Qd6 4. d4 Nf6 5. Nf3 c6 6. Bc4 Bg4 7. Be3 e6 8. h3
Bh5 9. Be2 Nbd7 10. Qd2 Qc7 11. a3 Bd6 12. O-O-O Nb6 13. Kb1 O-O-O 14. g4 Bg6
15. Bd3 Bxd3 16. Qxd3 Kb8 17. Qe2 Rhe8 18. Rhe1 Nbd5 19. Nxd5 exd5 20. Qd3 Ne4
21. Nd2 Nxd2+ 22. Qxd2 Re6 23. Re2 Rde8 24. Rde1 f6 25. Qd3 g6 26. Ka1 Qf7 27.
c3 f5 28. Bd2 fxg4 29. hxg4 Kc8 30. Rxe6 Rxe6 31. Rxe6 Qxe6 32. f3 Kd7 33. Kb1
Ke8 34. Kc1 Kf7 35. Kd1 a6 36. Qe3 Qxe3 37. Bxe3 h5 38. gxh5 gxh5 39. Ke1 Kf6
40. Kf2 Kf5 41. a4 Bf4 42. Bxf4 Kxf4 43. b3 h4 44. c4 h3 45. cxd5 cxd5 46. b4
h2 47. Kg2 h1=Q+ 48. Kxh1 Kxf3 0-1

[Event "OGOLNOPOLSKA OLIMPIADA MLODZIEZY<br/>MISTRZOSTWA POLSKI JUNIOROW 2016 - D12"]
[Site "Olecko"]
[Date "2016-05-07"]
[Round "3.2"]
[White "Wikar, Martyna"]
[Black "Hertlein, Irena"]
[Result "1/2-1/2"]
[WhiteTitle "I+"]
[BlackTitle "I"]
[WhiteElo "1726"]
[BlackElo "1397"]

1. e4 d5 2. exd5 Qxd5 3. Nc3 Qd6 4. d4 Nf6 5. Nf3 c6 6. Ne5 Nbd7 7. Nc4 Qc7 8.
Qf3 Nb6 9. Bf4 Qd7 10. O-O-O Qg4 11. Qxg4 Nxg4 12. Bg3 Bf5 13. Nxb6 axb6 14. d5
g6 15. h3 Nf6 16. d6 exd6 17. Bxd6 Bxd6 18. Rxd6 Ne4 19. Nxe4 Bxe4 20. Bc4 O-O
21. f3 Bf5 22. a3 b5 23. Bb3 b4 24. g4 Bc8 25. Re1 bxa3 26. bxa3 Rxa3 27. Kb2
Ra6 28. Re7 Rb6 29. Kc1 Kg7 30. h4 Rb4 31. Kd2 Rf4 32. Rd3 c5 33. Ke3 Rb4 34.
Bd5 b6 35. Ra3 Rd4 36. c4 b5 37. Ra5 bxc4 38. Rxc5 Rd3+ 39. Ke2 Ba6 40. Bxc4 Bxc4
41. Rxc4 Ra3 42. Rcc7 Ra2+ 43. Kf1 Rh2 44. h5 gxh5 45. g5 h4 46. Kg1 Rb2 47. f4
h3 48. Rcd7 h2+ 49. Kh1 Rf2 50. Re1 Rc8 51. Rd6 Rxf4 52. Kxh2 Rg4 53. Re5 Rc1
54. Rf5 Rc7 55. Kh3 Ra4 56. Rdf6 Rc3+ 57. Rf3 Rxf3+ 58. Rxf3 Kg6 59. Rf6+ Kg7
60. Rf5 Ra6 61. Kg4 Kg6 62. Rf4 Ra5 63. Rf6+ Kg7 64. Rf4 Ra6 65. Rf5 h6 66. gxh6+
Rxh6 67. Rg5+ Rg6 68. Kf5 Kh6 69. Rxg6+ fxg6+ 70. Kg4 Kg7 71. Kg5 Kf7 72. Kg4
Kf6 73. Kf4 g5+ 74. Kg4 Kg6 75. Kg3 1/2-1/2